علوم البلاغة العربية / (رقم التسجيلة. 11038)

تفاصيل مارك
000 -LEADER
fixed length control field 00492nam a22001697a 4500
005 - DATE AND TIME OF LATEST TRANSACTION
control field 20251108164644.0
008 - FIXED-LENGTH DATA ELEMENTS--GENERAL INFORMATION
fixed length control field 250721s1991 xx 000 0 ara d
082 14 - DEWEY DECIMAL CLASSIFICATION NUMBER
Classification number 414/ربي
100 1# - MAIN ENTRY--PERSONAL NAME
Personal name ربيع، محمد أحمد
245 10 - TITLE STATEMENT
Title علوم البلاغة العربية /
264 1# - PRODUCTION, PUBLICATION, DISTRIBUTION, MANUFACTURE, AND COPYRIGHT NOTICE
Place of production, publication, distribution, manufacture عمان :
Name of producer, publisher, distributor, manufacturer دار الفكر للنشر والتوزيع،
Date of production, publication, distribution, manufacture, or copyright notice 1991.
300 ## - PHYSICAL DESCRIPTION
Extent 184ص.
650 17 - SUBJECT ADDED ENTRY--TOPICAL TERM
Topical term or geographic name as entry element اللغة العربية
650 17 - SUBJECT ADDED ENTRY--TOPICAL TERM
Topical term or geographic name as entry element البلاغة
942 ## - ADDED ENTRY ELEMENTS (KOHA)
Source of classification or shelving scheme Dewey Decimal Classification
Koha item type كتب
المقتنيات
حالة السحب حالة الفقدان مصدر التصنيف حالة التلف غير قابل للإعارة المكتبة الرئيسية المكتبة الحالية موقع الرف تاريخ التزويد الرقم المتسلسل Total Checkouts رقم الإستدعاء تاريخ آخر ظهور تاريخ الفاتورة نوع المادة (كوها) الباركود
    Dewey Decimal Classification Unchecked   مكتبة الاميرة بديعة مكتبة الاميرة بديعة الإعارة 06/07/2004 2547   414/ربي 28/07/2025 06/07/2004 كتب  
    Dewey Decimal Classification Unchecked   مكتبة الجويدة مكتبة الجويدة الإعارة 06/07/2004 2264   414/ربي 28/07/2025 06/07/2004 كتب  
    Dewey Decimal Classification     مكتبة الحسن العامة مكتبة الحسن العامة الإعارة 08/09/2018 6178   414/ربي 28/07/2025 08/09/2018 كتب PLD00430238
    Dewey Decimal Classification Unchecked   مكتبة النصر العامة مكتبة النصر العامة الإعارة 06/07/2004 4310   414/ربي 28/07/2025 06/07/2004 كتب  
    Dewey Decimal Classification Unchecked   مكتبة صويلح العامة مكتبة صويلح العامة الإعارة 06/07/2004 5562   414/ربي 28/07/2025 06/07/2004 كتب  
    Dewey Decimal Classification     مكتبة وادي السير العامة مكتبة وادي السير العامة الإعارة 17/03/2016 [2069].....   414/ربي 28/07/2025 17/03/2016 كتب PLD00380666
Implemented & Customized by: BBB with SCIT (Smart Chains for Information Technology)

Powered by Koha